000 02131nam a2200469 c 4500
999 _c328194
_d328194
003 BLK
005 20250225145242.0
008 180410b bul|||||r ||||||| ||bul||
010 _aKNG00171380000
020 _a978-954-322-946-8
040 _aBLK
041 _aBUL
_cBUL
072 7 _2bullib
_aН91
_xГеография Н
080 _aФизическа география
_b911.2
_x(497.2)
_z911.2(497.2)
100 1 _aНиколов, Васил Стоянов
_eпърви автор
_9261564
139 _aНиколов, Васил Стоянов и др.
_bН 74
245 1 0 _aПланините в България
_cВасил Стоянов Николов; съавт. Марина Димитрова Йорданова; съавт. Иванка Митова Ботева.
246 1 1 _aThe mountains in Bulgaria
250 _a4. прераб. и доп. изд
257 _aBGR
260 _bАкад. изд. Проф. Марин Дринов
_c2018
_9209388
300 _a431 с.
_bс цв. ил., к.
_c20 см
380 _a91
500 _aИзд. на БАН. Нац. институт по геофизика, геодезия и география. - Пълното име на втория авт.: Марина Димитрова Йорданова-Андреева. - Рез. на англ. ез. - Библиогр.: с. 426-427
650 4 _aПланини - България
_9261565
650 4 _aТуристически маршрути - България
_9264994
651 4 _aБългария
_9241624
653 _aпланини
653 _aтуристически маршрути
653 _aтуристически обекти
659 _aН
700 1 _aЙорданова, Марина Димитрова
_eсъавт.
_9365424
700 1 _aБотева, Иванка Митова
_eсъавт.
_9336163
720 _aVasil Nikolov et al.
_eпаралелен автор
852 _aЦб 295274
856 4 _qpdf
856 4 _qpdf
942 _cKNG
_n0
_07
944 _aCR
_k30540
_lСевдалина Тодорова
999 _d328194
999 _d163898